| 000 | 00591nam a22001817a 4500 | ||
|---|---|---|---|
| 999 |
_c193717 _d193717 |
||
| 005 | 20230310120441.0 | ||
| 010 | _aENG-135667 | ||
| 020 |
_a9789354452376 _c850.00 |
||
| 035 | _aEN-119199 | ||
| 037 | _bDBAD/PUB | ||
| 082 | _a297.122521 | ||
| 100 | _aJamil, Javed | ||
| 245 |
_aA Systematic study of the holy qur'an/ _cJaved Jamil |
||
| 260 |
_aMangalore _bMission Publications _c2021 |
||
| 270 |
_aYenepoya University, Deralakatte, Mangalore _bKarnataka _e575018 _k8130340339 _mdoctorforu123@yahoo.com |
||
| 300 |
_a570p. _c22cm(pbk) |
||
| 942 |
_2ddc _cEN _mJAM _h297.122521 |
||